00511nam a2200181Ia 450000500170000000800410001704000190005804100120007708200130008910000200010224500310012226000580015330000180021150400410022965000200027065100290029085000100031920230609133810.0131103s9999 xx 000 0 und d aLoreto College aEnglish a938bELI aEliot,Alexander aLa GreececAlexander Eliot a[s.l.]bCollections Time - Lifec1963 (1970 printing) a155 p.b ill. aIncludes bibliographical references  aAncient History aGreece - Ancient History aLCLIB